000 00386nam a2200133Ia 4500
008 230917s9999||||xx |||||||||||||| ||und||
040 _e93151
_aMAIN
041 _aEnglish
082 _a677 L135S
100 _aLaga, Swapan Kumar
245 0 _aSimultaneous dyeing & resin-finishing of polyester-cellulose blended fabrics using single class of dyestuff
300 _a65 p.
942 _cTH
999 _c72368
_d72368